00370nam a2200097Ia 4500008004100000040002900041050002800070100002400098245011600122260003400238230222s9999||||xx |||||||||||||| ||und|| cChuka University Library aTHE PE 1175.3bM87 2015 aMwenda, Mutegi Tetu 0aEffects of security risk control programmes on safety in universities in Tharaka nithi and Meru counties, Kenya aChuka UniversitybChukac2015